Datum a čas kvízu
32
Celkem bodů
Celkový počet nahraných bodů na tomto kvízu bez doplňovacích otázek.
4.
Pořadí na kvízu
Konečné umístění týmu na tomto kvízu.
Zaznamenané odpovědi
| # | Otázka | Odpověď | Body | Výsledky |
|---|---|---|---|---|
| 1. | Premiér Fiala se při své návšt... | Horáková | 1 | |
| 2. | Záplavy minulý týden velmi ztí... | Dubaj | 1 | |
| 3. | Ve čtvrtek vystoupil v brněnsk... | Slash | 0 | |
| 4. | Abstraktní obraz Conception/Da... | František Kupka | 1 | |
| 5. | Ligová fotbalová asociace zveř... | Chance | 1 | |
| 6. | Bolívie má, stejně jako několi... | Sucre; La Paz | 1 | |
| 7. | Chemický prvek hafnium dostal... | o Kodaň | 0 | |
| 8. | Zatímco některé země mají hlav... | o Nauru | 1 | |
| 9. | Které malebné a nepříliš lidna... | Lublaň | 1 | |
| 10. | Kazachstán drží rekord v přejm... | Astana; Nur-Sultan | 0.5 |